Ontario True or False? - Statistics

General Stats
  • This quiz has been taken 38 times
  • The average score is 9 of 16
Answer Stats
Question Answer % Correct
Ontario is the largest province by area False
100%
Toronto is Ontario's capital True
100%
Ontario is home to both Canada's largest and capital cities True
100%
Ontario was historically known as Lower Canada False
75%
Ontario is the only province with direct flights to Africa False
75%
Ontario is the most populous province True
75%
French is the second most spoken language in Ontario True
75%
Ontario has a higher population than Pennsylvania True
75%
Ontario's flag features a Union Jack True
75%
Ontario borders all five Great Lakes False
50%
Ontario is named after the 18th century Scottish politician Henry Ontario, 1st Viscount Melville False
50%
Approximately 7% of Ontario's population is Indigenous False
25%
Ontario borders Minnesota True
25%
Polar Bears can be found in Ontario True
25%
Ontario is the only province with multiple NHL teams False
0%
Ontario hosted Canada's first Olympics False
0%
No matching quizzes found
Score Distribution
Percent of People with Each Score
Percentile by Number Answered
Your Score History
You have not taken this quiz